000 00925cam a22002411 4500
001 ca 34001747
003 DLC
005 20260227111135.0
008 800221s1934 nyu 000 0 eng
010 _aca 34001747
035 _a(OCoLC)6005459
040 _aDLC
_cOCl
_dDLC
042 _apremarc
050 0 0 _aPS3537.T4766
_bG6 1934
082 _a812.5
100 1 _aStevenson, Philip.
245 1 0 _aGod's in his heaven,
_ba play in one act,
_cby Philip Stevenson.
260 _aNew York city,
_bThe Script library of the Theatre union
_c[c1934]
300 _a46 p.
_c21 cm.
500 _a"First edition."
500 _aOn cover: Prize winning play in the Theatre union annual competition 1934.
500 _a"Conceived as the second episode of a trilogy. The plays present three aspects of unemployment and crisis and build slowly toward the solution offered in the third play."--Theatre union script library, p. 3.
999 _c17613
_d17613